| 000 | 00576nam a22002057a 4500 | ||
|---|---|---|---|
| 008 | 151002b xxu||||| |||| 00| 0 eng d | ||
| 020 | _a0030330017 | ||
| 041 | 0 | _aeng | |
| 080 | _a336 | ||
| 100 | 1 | _aGitman, Lawrence J. | |
| 245 | 1 | 0 |
_aPersonal financial planning / _cLawrence J. Gitman, Michael D. Joehnk. |
| 250 | _a9th ed. | ||
| 260 |
_aCincinnati, OH : _bSouth-Western/Thomson Learning, _c2002. |
||
| 300 |
_axxvi, 709 f. : _bme il.; _c26 cm. |
||
| 650 | 0 | _aFinanca | |
| 650 | 0 | _aPersonale | |
| 650 | 0 | _aPlanifikim | |
| 700 | 1 | _aJoehnk, Michael D. | |
| 942 |
_2udc _cBK |
||
| 999 |
_c1225 _d1225 |
||